000 00951nam a22002897a 4500
001 6842
003 FISKH
005 20250821142855.0
008 250530b cb ||||| |||| 00| 0 eng d
020 _a076645060266
040 _aFISKH
_beng
_cFISKH
_dFISKH
050 _aPZ7
082 _a411
100 _aGregorich, Barbara
245 _aNicole digs a hole :
_bA start to read book /
_cWritten by Barbara Gregorich ; Illustrated by Nan Brooks ; Colored by Gail L. Suess
260 _aMichigan :
_bSchool Zone Publishing,
_c1819.
300 _a16 pages :
_bcolor illustrations ;
_c23 cm
490 _aTeach your child to read :
_vLevel 2
505 _aE
520 _aWhen Nicole digs a hole in the back yard, a mole comes along and fills it in.
521 8 _a160
_bLexile estimate
521 8 _aE
_bRaz-Plus
650 _aAnimals
_vPicture
700 _aBrooks, Nan
_eillustrator
942 _2ddc
_cBK
_n0
999 _c6842
_d6842